Kandidaten für Deutschland für ESC 2026 - Statistiken

Allgemein
  • Dieses Quiz wurde 37 mal gespielt
  • Das Durchschnittsergebnis liegt bei 6 aus 9
Antwortstatistiken
Bildquiz Hint Antwort % Korrekt
Engels Sarah
100%
BELA
79%
Ragazzki
73%
Nahr Laura
67%
mit vv und i Wavvyboi
64%
the Band Dreamboys
61%
Molly Sue
58%
Lovis Malou
55%
MYLE
48%
Keine übereinstimmenden Quizze gefunden
Verteilung der Resultate
Anzahl Personen mit jedem Resultat
Perzentil nach korrekt beantworteten Fragen
Ihre Resultats-Entwicklung
Sie haben dieses Quiz noch nicht gespielt